000 00651nam a2200193Ia 4500
005 20250508155754.0
008 008 250505s9999 xx 000 0 eng d
037 _aDissertations
040 _aFEDL
_beng
_cFEDL
041 _aeng
_2eng
084 _a137, PAH/DI
_qFEDL
100 _aPahuja Kishan Chand
_9767479
245 0 _aComparative study of the personality patterns of the students who have been and have not been selected in the junior science talent search examination
260 _c1975
300 _a204p.
546 _aM. Ed. Dissertation (Delhi University)
942 _cDIS
_h137, PAH/DI
999 _c1359226
_d1359226